|
|
|
|
| LEADER |
00679nam a22002172a 4500 |
| 001 |
000856825 |
| 003 |
CZ BrMZK |
| 005 |
20070815101540.0 |
| 007 |
ta |
| 008 |
070711s1992 xo er|||||||||||slo d |
| 040 |
|
|
|a BOA001
|b cze
|
| 080 |
9 |
|
|a 232:284
|
| 100 |
1 |
|
|a Petrík, Ján,
|d 1910-1983
|7 jx20051128034
|
| 245 |
1 |
0 |
|a Sväté pašie čiže Deje utrpenia a smrti Pána a nášho Spasitel'a Ježiša Krista /
|c Ján Petrík
|
| 250 |
|
|
|a 12. vyd.
|
| 260 |
|
|
|a Lipt. Mikuláš :
|b Tranoscius,
|c 1992
|
| 300 |
|
|
|a 96 s.
|
| 910 |
|
|
|a BOA001
|b 1-0979.263
|
| 990 |
|
|
|a BK
|
| 991 |
|
|
|b 200707
|
| 996 |
7 |
|
|b 2619605838
|c 1-0979.263
|l MZK
|r Sklad / do 1 hodiny
|n 0
|w 000856825
|u 000010
|a 1
|e BOA001
|j MZK50
|s A
|